000 00339nam a2200145 i 4500
001 bg
100 1 _aBARRA, Jean Rene
245 0 _aMatematyczne podstawy statystyki /
_cJean Rene Barra.
260 _aWarszawa,
_c1982.
040 _cBPK
041 _apol
080 _a519.2
942 _cKS
008 s pl f |000 0 pol
999 _c20298
_d20298
856 _uhttp://koha.tu.koszalin.pl/cgi-bin/koha/opac-detail.pl?biblionumber=20298
_yKatalog online BPK